00678nam a22001817a 450000500170000000800410001702000180005804100080007608200150008424501180009925000130021726000400023030000410027049000520031150400530036365000530041670000270046920130704020004.0130703b xxu||||| |||| 00| 0 spa d a9783642053825 aeng00a577.34b2300aTropical rainforest responses to climatic change /cMarc B. Bush, John R. Flenley and William D. Gosling, editors a2nd. ed. aChichester, UK :bSpringer ;cc2011 axxxiv, 454 p. :bil., mapas.c25 cm.0 aSpringer-Praxis books in environmental sciences aIncluye referencias bibliográficas e índices 0aClimatic changesxenvironmental aspectszTropics1 aBush, Marck B.eEditor